| 000 | 01070nam a2200253Ia 4500 | ||
|---|---|---|---|
| 003 | OSt | ||
| 005 | 20221005103648.0 | ||
| 006 | a|||||r|||| 00| 0 | ||
| 007 | ta | ||
| 008 | 221004b |||||||| |||| 00| 0 hin d | ||
| 020 |
_a9788179753477 (hbk) _c350 |
||
| 024 | _a105929 | ||
| 037 |
_bIN1037, 17/03/2011, Anamika Publishers & Distributors Pvt. Ltd. _cTextual |
||
| 040 |
_aCRL _cCRL _bhin |
||
| 041 |
_2hin _ahin |
||
| 082 | _aO44(Y5927):g(Y), 152Q0 | ||
| 100 | _aनिरंजन कुमार | ||
| 245 | 0 | _aमनुष्यता के आईन में दलित साहित्य का समाजशास्त्र | |
| 246 | _aManuṣhyatā ke āīn mean dalit sāhitya kā samājashāstra | ||
| 260 |
_aदिल्ली _bअनामिका पब्लिर्शस भारत _c2010 |
||
| 300 |
_a183पृ0 _ccm. |
||
| 942 |
_hO44(Y5927):g(Y), 152Q0 _cTEXL _2cc |
||
| 999 |
_c1010541 _d1010541 |
||